| 000 | 00734nam a2200217Ia 4500 | ||
|---|---|---|---|
| 003 | GCL | ||
| 008 | 140319s9999 xx 000 0 ara d | ||
| 040 |
_aGCL / _cGCL |
||
| 082 | 0 | 4 |
_aم _b924 _bع ا |
| 100 | 1 | _aعبدالباقى بن عبدالمجيد اليما | |
| 245 | 1 | 0 |
_aاشارة التعيين وتراجم النحاة واللغويين / _cعبدالباقى بن عبدالمجيد اليما |
| 260 |
_a[S.N] : _bمركز الملك فيصل ، _c1986 |
||
| 300 | _a518 ص | ||
| 490 |
_aشكاوى المصرى الفصيح _v0 |
||
| 650 | 0 | 4 | _aالادب العربى |
| 650 | 0 | 4 | _aالنحو |
| 650 | 0 | 4 | _aالادب |
| 650 | 0 | 4 | _aالادباء |
| 650 | 0 | 4 | _aالادب العالمى |
| 942 |
_2ddc _cREF |
||
| 999 |
_c59308 _d59308 |
||